000 00769nam a22002417a 4500
999 _c14967
_d14967
003 AR-CdUCM
008 190425b ||||| |||| 00| 0 spa d
020 _a978-84-9825-686-3
040 _aMUNICIPALIDAD PROVINCIAL DEL CUSCO
_cBIBLIOTECA MUNICIPAL DEL CUSCO
041 _heng
082 _aPI / 376.1 /
_bS61
_22ed.
100 _aSmith, Justine
_933953
245 _aToca, toca, juega con las formas /
260 _aBarcelona :
_bCombel,
_c2012.
300 _a8 paginas ;
_bIlustraciones
_c26 cm.
500 _aTitulo original : Baby toych. Big noisy playbook
650 _aJuega con formas
_933954
650 _aAprende palpando
_933910
650 _aLos colores
_933503
650 _aNiƱos (as)
_933869
942 _2ddc
_cLIBROS
945 _awnts
_d2019-04-25